00771nam a2200205Ia 4500003000900000008004100009040001600050080001800066110004300084245014500127260005300272300000900325500002600334650003600360650003400396650001900430942000700449999001500456952009400471IN-BaIIA211028s9999 xx 000 0 eng d cIIA Library a92:53bINSA-4 aIndian National Science Academy910909 0aBiographical memoirs of fellows of the Indian national science academybvol. 4cIndian National Science Academy  aNew DelhibIndian National Science Academyc1976 a185p aDonated by Mrs. Bappu aBiography - INSA Fellows912698 aINSA Fellows Biography912699 aNASA thesaurus cBK c7428d7428 00104070aBANbBANcGENd1983-07-06l0o92:53/ INSA-4p8237r2021-11-05w1983-07-06yBK